The 8080/8085 Microprocessor Book : Intel Marketing Communications

Salvato in:
Dettagli Bibliografici
Natura: Libro
Lingua:inglese
Pubblicazione: New York : John Wiley & Sons, 1980
Tags: Aggiungi Tag
Nessun Tag, puoi essere il primo ad aggiungerne!!

MARC

LEADER 00000nam a22000003a 4500
001 stu267059
005 20190206124619.6
008 130522s--------xxu-----------------eng-d
020 |a 0-471-03568-8 
040 |a STU  |b slo 
041 0 |a eng 
044 |a xxu 
245 |a The 8080/8085 Microprocessor Book :  |b Intel Marketing Communications 
260 |a New York :  |b John Wiley & Sons,  |c 1980 
300 |a 603 s 
996 |b I2563  |l II680  |s A  |a 24  |w stu267059_0001